000
00209nam a2200097Ia 4500
008
240331s9999 xx 000 0 und d
082
_a
303
_b
RAJ
100
_a
Rajkumar, R C
245
0
_a
Unkalai nokki
942
_c
L
999
_c
1197
_d
1197